[Event "Mittelfrank Regionalliga Nord-West 2223"]
[Site "Mittelfranken"]
[Date "2022.10.09"]
[Round "1.6"]
[White "Deissenberger, Thomas"]
[Black "Kellmann, Andreas"]
[Result "1-0"]
[WhiteElo "1869"]
[BlackElo "1949"]
[PlyCount "81"]
[EventDate "2022.10.09"]
[EventType "team-tourn"]
[EventRounds "9"]
[EventCountry "GER"]
[SourceTitle "EXT 2024"]
[Source "ChessBase"]
[SourceDate "2023.10.10"]
[SourceVersion "1"]
[SourceVersionDate "2023.10.10"]
[SourceQuality "1"]
[WhiteTeam "Stetten"]
[BlackTeam "Hoechstadt/Aisch"]
[WhiteTeamCountry "GER"]
[BlackTeamCountry "GER"]

1. e4 c5 2. Nf3 Nc6 3. d4 cxd4 4. Nxd4 Nf6 5. Nc3 e5 6. Ndb5 d6 7. Bg5 a6 8. Na3 b5 9. Nd5 Be7 10. Bxf6 Bxf6 11. c3 0-0 12. Be2 Rb8 13. 0-0 Bg5 14. Bg4 Kh8 15. Bxc8 Qxc8 16. Qd3 Qe6 17. Rad1 Rb7 18. Nc2 a5 19. Nde3 Rd8 20. Qd5 Rb6 21. g3 Ne7 22. Qxe6 fxe6 23. Rd3 Bxe3 24. Nxe3 Rc8 25. Rfd1 Rcc6 26. b3 Nc8 27. c4 b4 28. f4 exf4 29. gxf4 Kg8 30. Kf2 Ne7 31. Kg3 Ng6 32. e5 dxe5 33. Rd8+ Nf8 34. fxe5 Rb7 35. Ra8 Rc5 36. Kf4 Kf7 37. Ke4 Ng6 38. Rf1+ Ke7 39. Ng4 h5 40. Rg8 Kd7 41. Rxg7+ 1-0

[Event "Mittelfranken-ch QT"]
[Site "Nuremberg"]
[Date "2019.04.20"]
[Round "7.2"]
[White "Reichel, Rolf"]
[Black "Kellmann, Andreas"]
[Result "1-0"]
[WhiteElo "1743"]
[BlackElo "1901"]
[PlyCount "125"]
[EventDate "2019.04.17"]
[EventType "swiss"]
[EventRounds "7"]
[EventCountry "GER"]
[SourceTitle "EXT 2022"]
[Source "ChessBase"]
[SourceDate "2021.10.06"]
[SourceVersion "1"]
[SourceVersionDate "2021.10.06"]
[SourceQuality "1"]

1. e4 d5 2. exd5 Qxd5 3. Nc3 Qd8 4. d4 Nf6 5. Nf3 Bg4 6. Be2 e6 7. h3 Bxf3 8. Bxf3 c6 9. 0-0 Bd6 10. Bg5 Nbd7 11. Qe2 Qc7 12. Rad1 0-0 13. Rfe1 Rfe8 14. Ne4 Nxe4 15. Bxe4 Bf4 16. Bxh7+ Kh8 17. Bxf4 Qxf4 18. Bd3 Nf6 19. c3 Rad8 20. g3 Qh6 21. Kg2 g6 22. Qe5 Kg7 23. Qe3 Qh7 24. Qg5 Rh8 25. Rh1 Rd5 26. Qe3 Rh5 27. h4 Ra5 28. a3 Rd8 29. Be2 Rad5 30. Bf3 Rb5 31. Rb1 Kf8 32. c4 Rb6 33. Qe5 Ke7 34. b4 Ra6 35. Qc5+ Rd6 36. b5 b6 37. Qb4 cxb5 38. cxb5 Ra5 39. Rbc1 Ne8 40. Rc8 Qh8 41. Bc6 Qxd4 42. Rxe8+ Kf6 43. Qxd4+ Rxd4 44. h5 gxh5 45. Rxh5 Rxa3 46. Rh4 Raa4 47. Reh8 e5 48. R4h7 Rg4 49. Rf8 Rg7 50. Rh6+ Kg5 51. Rd6 a6 52. bxa6 Rxa6 53. Be8 Rg6 54. Rxg6+ fxg6 55. Rg8 Ra8 56. Bf7 Ra7 57. Bxg6 Kf6 58. Bd3 Ra3 59. Be2 e4 60. Re8 Kf5 61. g4+ Kf4 62. Rf8+ Ke5 63. g5 1-0

[Event "Mittelfranken-ch QT"]
[Site "Nuremberg"]
[Date "2019.04.18"]
[Round "3.1"]
[White "Konsek, Peter"]
[Black "Kellmann, Andreas"]
[Result "1/2-1/2"]
[WhiteElo "2062"]
[BlackElo "1901"]
[PlyCount "105"]
[EventDate "2019.04.17"]
[EventType "swiss"]
[EventRounds "7"]
[EventCountry "GER"]
[SourceTitle "EXT 2022"]
[Source "ChessBase"]
[SourceDate "2021.10.06"]
[SourceVersion "1"]
[SourceVersionDate "2021.10.06"]
[SourceQuality "1"]

1. e4 d5 2. exd5 Qxd5 3. Nc3 Qd8 4. d4 Nf6 5. Nf3 Bg4 6. h3 Bxf3 7. Qxf3 c6 8. Be3 e6 9. Bd3 Nbd7 10. 0-0-0 Bb4 11. Ne2 Nd5 12. Qg3 g6 13. Bh6 Bf8 14. Bg5 Be7 15. h4 N7b6 16. a3 Qc7 17. Qf3 h6 18. Bd2 Nf6 19. Bf4 Qd7 20. Be5 Qd5 21. Qg3 Nh5 22. Qh3 Rg8 23. Nc3 Qd8 24. f4 Nd5 25. Ne2 Qa5 26. g4 Nhf6 27. f5 g5 28. hxg5 hxg5 29. fxe6 fxe6 30. c4 Nc7 31. Rhf1 Rf8 32. Bg6+ Kd7 33. Nc3 Rh8 34. Qg3 Rhf8 35. Bxf6 Rxf6 36. Rxf6 Bxf6 37. Ne4 Be7 38. b4 Qb6 39. Nc5+ Kc8 40. Qd3 a5 41. Qb3 axb4 42. axb4 Ra1+ 43. Kc2 Rxd1 44. Kxd1 Qa7 45. Qb2 b6 46. Nd3 Qa4+ 47. Kd2 Na6 48. Kc3 c5 49. bxc5 bxc5 50. Qb6 cxd4+ 51. Kxd4 Qa1+ 52. Ke4 Nc7 53. Qd4 1/2-1/2

[Event "Mittelfranken-chTB2a 1819"]
[Site "Mittelfranken"]
[Date "2019.03.31"]
[Round "8.2"]
[White "Kunth, Andreas"]
[Black "Kellmann, Andreas"]
[Result "1/2-1/2"]
[WhiteElo "1860"]
[BlackElo "1875"]
[PlyCount "117"]
[EventDate "2018.10.14"]
[EventType "team-tourn"]
[EventRounds "9"]
[EventCountry "GER"]
[SourceTitle "EXT 2022"]
[Source "ChessBase"]
[SourceDate "2021.10.06"]
[SourceVersion "1"]
[SourceVersionDate "2021.10.06"]
[SourceQuality "1"]
[WhiteTeam "Dinkelsbuehl"]
[BlackTeam "Buechenbach/Roth II"]
[WhiteTeamCountry "GER"]
[BlackTeamCountry "GER"]

1. e4 d5 2. exd5 Qxd5 3. Nc3 Qd8 4. d4 Nf6 5. Nf3 Bg4 6. Be2 e6 7. Be3 c6 8. Qd2 Bb4 9. a3 Ne4 10. Qd3 Bxc3+ 11. bxc3 Bf5 12. Qc4 b5 13. Qb3 Qa5 14. Bd2 Nxd2 15. Nxd2 Nd7 16. 0-0 0-0 17. a4 bxa4 18. Rxa4 Qc7 19. Bf3 Nb6 20. Ra6 Nd5 21. Qc4 Qf4 22. Nb3 Bxc2 23. Rxc6 Ne3 24. Qe2 Nxf1 25. Qxc2 Nxh2 26. Be4 Ng4 27. Rc5 Nf6 28. Bxa8 Rxa8 29. Qa2 g6 30. g3 Qf3 31. Nd2 Qd3 32. Qb2 Rd8 33. Nc4 Ne4 34. Rc7 Qxc3 35. Qxc3 Nxc3 36. Rxa7 Ne2+ 37. Kg2 Nxd4 38. Ne5 f6 39. Ng4 Rf8 40. Nh6+ Kh8 41. f4 Nf5 42. Ng4 h5 43. Nf2 Kg8 44. Ne4 Rf7 45. Ra6 Kg7 46. Rxe6 Re7 47. Rxe7+ Nxe7 48. Kf3 Ng8 49. Nd6 Nh6 50. Nc4 Kf7 51. Nd6+ Ke6 52. Ne8 Ng4 53. Nc7+ Kd6 54. Nb5+ Ke7 55. Nd4 Nh6 56. Nb5 Kd7 57. Nc3 Ke6 58. Nb5 Kd5 59. Nc7+ 1/2-1/2

[Event "Regionalliga NO 1617"]
[Site "Bayern"]
[Date "2017.02.05"]
[Round "5.7"]
[White "Kellmann, Andreas"]
[Black "Bassermann, Andreas"]
[Result "1-0"]
[WhiteElo "1913"]
[BlackElo "1803"]
[PlyCount "69"]
[EventDate "2016.10.16"]
[EventType "team-tourn"]
[EventRounds "9"]
[EventCountry "GER"]
[SourceTitle "EXT 2019"]
[Source "ChessBase"]
[SourceDate "2018.10.10"]
[SourceVersion "1"]
[SourceVersionDate "2018.10.10"]
[SourceQuality "1"]
[WhiteTeam "Buechenbach/Roth"]
[BlackTeam "Regensburg Turnerschaft"]
[WhiteTeamCountry "GER"]
[BlackTeamCountry "GER"]

1. e4 e5 2. Nf3 Nc6 3. Bb5 a6 4. Ba4 Nf6 5. 0-0 b5 6. Bb3 Be7 7. Re1 0-0 8. c3 d5 9. d3 dxe4 10. dxe4 Bg4 11. Bg5 Qxd1 12. Rxd1 Rad8 13. Nbd2 Rfe8 14. Re1 Rd7 15. h3 Bh5 16. a4 b4 17. Bc4 Ra8 18. Bxf6 bxc3 19. bxc3 Bxf3 20. Nxf3 Bxf6 21. Bd5 Rd6 22. Nd2 Rad8 23. Nc4 Rxd5 24. exd5 Rxd5 25. f4 g6 26. fxe5 Nxe5 27. Re4 Rc5 28. Ne3 c6 29. Rf1 Kg7 30. Nd1 Nd3 31. Re3 Ne5 32. Re4 Nd3 33. Ne3 Bxc3 34. Rc4 Bd4 35. Rxd4 1-0

[Event "Regionalliga NO 1617"]
[Site "Bayern"]
[Date "2017.01.15"]
[Round "4.6"]
[White "Kellmann, Andreas"]
[Black "Konsek, Peter"]
[Result "1-0"]
[WhiteElo "1913"]
[BlackElo "1956"]
[PlyCount "99"]
[EventDate "2016.10.16"]
[EventType "team-tourn"]
[EventRounds "9"]
[EventCountry "GER"]
[SourceTitle "EXT 2019"]
[Source "ChessBase"]
[SourceDate "2018.10.10"]
[SourceVersion "1"]
[SourceVersionDate "2018.10.10"]
[SourceQuality "1"]
[WhiteTeam "Buechenbach/Roth"]
[BlackTeam "Nuernberg Sued SW II"]
[WhiteTeamCountry "GER"]
[BlackTeamCountry "GER"]

1. e4 c5 2. Nf3 Nc6 3. Bb5 Nf6 4. d3 Qa5+ 5. Nc3 Nd4 6. Bc4 b5 7. Bb3 Nxb3 8. cxb3 e6 9. 0-0 Bb7 10. Bg5 Be7 11. Re1 h6 12. Bh4 0-0 13. e5 Nd5 14. Nxd5 Bxh4 15. Nxh4 Bxd5 16. Re3 Qd8 17. Nf3 f5 18. d4 g5 19. dxc5 b4 20. Nd4 g4 21. h3 h5 22. hxg4 hxg4 23. Rg3 Qh4 24. Nxf5 Rxf5 25. Rxg4+ Qxg4 26. Qxg4+ Kf7 27. Rd1 Bc6 28. Qh3 Rg8 29. g3 Rxe5 30. f4 Re3 31. Qh7+ Rg7 32. Qh5+ Kf8 33. Qh8+ Rg8 34. Qh6+ Ke8 35. Qh5+ Kd8 36. Kf2 Rexg3 37. Qh4+ Kc7 38. Qxg3 Rxg3 39. Kxg3 Bb5 40. Rd6 Be2 41. Kf2 Bb5 42. Ke3 Bf1 43. Rd4 a5 44. Rd6 Bb5 45. a3 bxa3 46. bxa3 Bc6 47. Kd3 Bb5+ 48. Kc3 Bc6 49. Kc4 Bf3 50. Kb5 1-0

[Event "Regionalliga NO 1617"]
[Site "Bayern"]
[Date "2016.12.04"]
[Round "3.6"]
[White "Paar, Johannes"]
[Black "Kellmann, Andreas"]
[Result "1/2-1/2"]
[WhiteElo "1950"]
[BlackElo "1913"]
[PlyCount "112"]
[EventDate "2016.10.16"]
[EventType "team-tourn"]
[EventRounds "9"]
[EventCountry "GER"]
[SourceTitle "EXT 2019"]
[Source "ChessBase"]
[SourceDate "2018.10.10"]
[SourceVersion "1"]
[SourceVersionDate "2018.10.10"]
[SourceQuality "1"]
[WhiteTeam "Schwandorf"]
[BlackTeam "Buechenbach/Roth"]
[WhiteTeamCountry "GER"]
[BlackTeamCountry "GER"]

1. e4 e5 2. Nf3 Nc6 3. Bc4 Be7 4. d3 Nf6 5. c3 0-0 6. Qe2 d6 7. 0-0 Be6 8. Bb3 Nh5 9. Bc2 f5 10. Nxe5 Nxe5 11. Qxh5 fxe4 12. Qe2 exd3 13. Bxd3 Nxd3 14. Qxe6+ Kh8 15. Be3 Bg5 16. Nd2 Re8 17. Qd5 Rxe3 18. fxe3 Bxe3+ 19. Kh1 Nf2+ 20. Rxf2 Bxf2 21. Rf1 Be3 22. Nc4 Bg5 23. Qxb7 Bf6 24. Re1 h6 25. Qc6 Rb8 26. Na5 Be5 27. Qe4 Rxb2 28. Nc6 Qa8 29. Qc4 Qg8 30. Nxe5 dxe5 31. Qxc7 Qd5 32. Qc8+ Kh7 33. Qg4 Rxa2 34. h4 Qd2 35. Qe4+ Kg8 36. Rf1 Qe2 37. Qd5+ Kh7 38. Rb1 Rd2 39. Qc6 e4 40. Rg1 Rd1 41. Rxd1 Qxd1+ 42. Kh2 Qg4 43. Qe8 Qxh4+ 44. Kg1 Qf4 45. Qd7 Qe3+ 46. Kh2 Qc5 47. Qe6 Qh5+ 48. Kg1 Qg6 49. Qe5 e3 50. c4 Qd3 51. c5 e2 52. Kf2 Qc2 53. g4 a5 54. g5 hxg5 55. Qh2+ Kg6 56. Qd6+ Kh7 1/2-1/2

[Event "Regionalliga NO 1617"]
[Site "Bayern"]
[Date "2016.10.16"]
[Round "1.7"]
[White "Kellmann, Andreas"]
[Black "Duerr, Florian"]
[Result "1/2-1/2"]
[WhiteElo "1913"]
[BlackElo "2043"]
[PlyCount "67"]
[EventDate "2016.10.16"]
[EventType "team-tourn"]
[EventRounds "9"]
[EventCountry "GER"]
[SourceTitle "EXT 2019"]
[Source "ChessBase"]
[SourceDate "2018.10.10"]
[SourceVersion "1"]
[SourceVersionDate "2018.10.10"]
[SourceQuality "1"]
[WhiteTeam "Buechenbach/Roth"]
[BlackTeam "Erlangen SC II"]
[WhiteTeamCountry "GER"]
[BlackTeamCountry "GER"]

1. e4 e6 2. d4 d5 3. exd5 exd5 4. Bd3 Bd6 5. Nf3 Ne7 6. Bg5 f6 7. Bh4 Bg4 8. Nbd2 Nd7 9. c3 c6 10. Qc2 Nf8 11. Bg3 Qd7 12. Bxd6 Qxd6 13. 0-0-0 0-0-0 14. Rde1 Ne6 15. Nh4 Kb8 16. h3 Bh5 17. Bxh7 b6 18. Nf5 Nxf5 19. Bxf5 Nc7 20. g3 c5 21. Kb1 Rde8 22. dxc5 bxc5 23. Bg6 Re7 24. Bxh5 Rxh5 25. Rxe7 Qxe7 26. Nf3 Qd7 27. h4 Qf5 28. Ne1 Qg4 29. Nd3 c4 30. Nf4 Re5 31. Qd1 Qf5+ 32. Qc2 Qg4 33. Qd1 Qf5+ 34. Qc2 1/2-1/2

[Event "Pyramiden Franken Cup"]
[Site "Fuerth"]
[Date "2016.09.04"]
[Round "6"]
[White "Braun, Michael1111"]
[Black "Kellmann, Andreas"]
[Result "1-0"]
[WhiteElo "2051"]
[BlackElo "1858"]
[PlyCount "87"]
[EventDate "2016.09.01"]
[EventType "swiss"]
[EventRounds "7"]
[EventCountry "GER"]
[SourceTitle "CBM 174 Extra"]
[Source "ChessBase"]
[SourceDate "2016.10.10"]
[SourceVersion "1"]
[SourceVersionDate "2016.10.10"]
[SourceQuality "1"]

1. d4 f5 2. g3 Nf6 3. Bg2 g6 4. b3 Bg7 5. Bb2 d6 6. Nf3 0-0 7. 0-0 c6 8. c4 a5 9. Nc3 Na6 10. e3 Qc7 11. d5 Nc5 12. Nd4 e5 13. dxe6 Nxe6 14. Nde2 Nc5 15. Qc2 Be6 16. Nf4 Bf7 17. Rad1 Rad8 18. Ba3 Rfe8 19. h4 Nfe4 20. Nxe4 Nxe4 21. Rd3 Nc5 22. Rd2 Ne4 23. Rd3 Nc5 24. Rdd1 Ne4 25. Bf3 b6 26. Kg2 Nc5 27. Nh3 Re7 28. Ng5 h5 29. Rd2 Red7 30. Rfd1 Bf6 31. Bb2 Bxb2 32. Qxb2 Ne6 33. Nh3 Nf8 34. e4 fxe4 35. Bxe4 d5 36. cxd5 Bxd5 37. Bxd5+ Rxd5 38. Rxd5 Rxd5 39. Rxd5 cxd5 40. Nf4 d4 41. Qxd4 Nd7 42. Qd5+ Kh8 43. Nxg6+ Kg7 44. Nf4 1-0

[Event "Pyramiden Franken Cup"]
[Site "Fuerth"]
[Date "2016.09.01"]
[Round "1"]
[White "Kellmann, Andreas"]
[Black "Reis, Gerhard"]
[Result "1/2-1/2"]
[WhiteElo "1858"]
[BlackElo "2193"]
[PlyCount "55"]
[EventDate "2016.09.01"]
[EventType "swiss"]
[EventRounds "7"]
[EventCountry "GER"]
[SourceTitle "CBM 174 Extra"]
[Source "ChessBase"]
[SourceDate "2016.10.10"]
[SourceVersion "1"]
[SourceVersionDate "2016.10.10"]
[SourceQuality "1"]

1. e4 c5 2. Nf3 e6 3. d4 cxd4 4. Nxd4 Nf6 5. Nc3 Nc6 6. Bb5 Qc7 7. 0-0 Be7 8. Be3 0-0 9. f4 d6 10. h3 Nxd4 11. Bxd4 e5 12. Be3 exf4 13. Rxf4 Be6 14. Nd5 Bxd5 15. exd5 Nd7 16. Bxd7 Qxd7 17. Bd4 f5 18. Qd3 a6 19. Raf1 g6 20. Bb6 Bf6 21. Bd4 Bxd4+ 22. Rxd4 Rfe8 23. Qg3 Re5 24. Re1 Rxe1+ 25. Qxe1 Re8 26. Qc3 Rc8 27. Rc4 Rxc4 28. Qxc4 1/2-1/2

[Event "Mittelfranken-chTB2a 1516"]
[Site "Mittelfranken"]
[Date "2016.01.24"]
[Round "5.4"]
[White "Kellmann, Andreas"]
[Black "Augustin, Achim"]
[Result "1/2-1/2"]
[WhiteElo "1828"]
[BlackElo "1896"]
[PlyCount "34"]
[EventDate "2015.10.18"]
[EventType "team-tourn"]
[EventRounds "9"]
[EventCountry "GER"]
[SourceTitle "EXT 2020"]
[Source "ChessBase"]
[SourceDate "2019.10.17"]
[SourceVersion "1"]
[SourceVersionDate "2019.10.17"]
[SourceQuality "1"]
[WhiteTeam "Buechenbach/Roth II"]
[BlackTeam "Bad Windsheim/Ansbach"]
[WhiteTeamCountry "GER"]
[BlackTeamCountry "GER"]

1. e4 d5 2. exd5 Qxd5 3. Nc3 Qa5 4. Nf3 Bg4 5. d4 e5 6. dxe5 Bb4 7. Bd2 Nc6 8. a3 Nd4 9. Be2 Bxf3 10. Bxf3 Qxe5+ 11. Kf1 Bxc3 12. Bxc3 0-0-0 13. Bxd4 Rxd4 14. Qe2 Qxe2+ 15. Kxe2 Nf6 16. Rhd1 Re8+ 17. Kf1 Rxd1+ 1/2-1/2

[Event "Mittelfranken-chTB2a 1516"]
[Site "Mittelfranken"]
[Date "2015.10.18"]
[Round "1.5"]
[White "Wedel, Patrick"]
[Black "Kellmann, Andreas"]
[Result "0-1"]
[WhiteElo "1710"]
[BlackElo "1828"]
[PlyCount "94"]
[EventDate "2015.10.18"]
[EventType "team-tourn"]
[EventRounds "9"]
[EventCountry "GER"]
[SourceTitle "EXT 2020"]
[Source "ChessBase"]
[SourceDate "2019.10.17"]
[SourceVersion "1"]
[SourceVersionDate "2019.10.17"]
[SourceQuality "1"]
[WhiteTeam "Zirndorf II"]
[BlackTeam "Buechenbach/Roth II"]
[WhiteTeamCountry "GER"]
[BlackTeamCountry "GER"]

1. e4 e5 2. Nf3 Nc6 3. Bc4 Bc5 4. d3 Nf6 5. Nc3 h6 6. 0-0 d6 7. h3 0-0 8. Be3 Bb6 9. Qe2 Bd7 10. Rad1 Nd4 11. Bxd4 exd4 12. Nd5 Nxd5 13. Bxd5 c6 14. Bb3 Be6 15. c3 dxc3 16. bxc3 Ba5 17. Qc2 Qf6 18. Nd4 Bxb3 19. axb3 Bb6 20. Nf5 d5 21. d4 dxe4 22. Qxe4 Rfe8 23. Qg4 Re6 24. Rd3 Qg6 25. Qxg6 fxg6 26. Re3 Rae8 27. Rfe1 Rxe3 28. Rxe3 Rxe3 29. Nxe3 Kf7 30. Nc4 Bc7 31. Kf1 Ke6 32. Ke2 a5 33. g3 g5 34. Ke3 b5 35. Nb2 Bd6 36. Kd3 h5 37. g4 Ba3 38. Kc2 Bxb2 39. Kxb2 hxg4 40. hxg4 Kd5 41. f3 c5 42. dxc5 Kxc5 43. Ka3 Kd5 44. Kb2 Ke5 45. c4 bxc4 46. bxc4 Kd4 47. Kb3 a4+ 0-1

[Event "Mittelfranken-chTB2a 1415"]
[Site "Mittelfranken"]
[Date "2014.11.16"]
[Round "3.7"]
[White "Sommer, Dieter"]
[Black "Kellmann, Andreas"]
[Result "1-0"]
[WhiteElo "1724"]
[BlackElo "1828"]
[PlyCount "97"]
[EventDate "2014.09.28"]
[EventType "team-tourn"]
[EventRounds "9"]
[EventCountry "GER"]
[SourceTitle "EXT 2020"]
[Source "ChessBase"]
[SourceDate "2019.10.17"]
[SourceVersion "1"]
[SourceVersionDate "2019.10.17"]
[SourceQuality "1"]
[WhiteTeam "Bad Windsheim/Ansbach"]
[BlackTeam "Buechenbach/Roth II"]
[WhiteTeamCountry "GER"]
[BlackTeamCountry "GER"]

1. d4 Nf6 2. c4 e6 3. Nc3 Bb4 4. Bg5 d5 5. Nf3 0-0 6. a3 Bxc3+ 7. bxc3 b6 8. e3 Bb7 9. Be2 c5 10. 0-0 Nbd7 11. Qb3 Qc8 12. Rac1 Ne4 13. Bf4 Ndf6 14. h3 dxc4 15. Bxc4 Nd5 16. Bxd5 exd5 17. Rfd1 c4 18. Qb4 Qe6 19. Ng5 Nxg5 20. Bxg5 h6 21. Bf4 g5 22. Be5 f6 23. Bg3 Rf7 24. Qb1 Rg7 25. Qb4 Rd8 26. Re1 h5 27. f3 h4 28. Bh2 f5 29. Be5 Rg6 30. f4 g4 31. Kh2 Kh7 32. Rg1 Rdg8 33. Qb2 Bc6 34. Qe2 Be8 35. Qe1 Qe7 36. Qe2 Rh6 37. Qc2 Qe6 38. Rcf1 Bh5 39. Qd2 Rhg6 40. Qc2 gxh3 41. gxh3 Rg3 42. Rxg3 hxg3+ 43. Kg2 Rg6 44. Qa4 a5 45. Qb5 Be2 46. Re1 Bd3 47. Qa6 Be4+ 48. Kg1 Rh6 49. Qb7+ 1-0

[Event "Mittelfranken-chTB2a 1415"]
[Site "Mittelfranken"]
[Date "2014.10.12"]
[Round "2.7"]
[White "Kellmann, Andreas"]
[Black "Alsheimer, Lea"]
[Result "1/2-1/2"]
[WhiteElo "1828"]
[BlackElo "1642"]
[PlyCount "56"]
[EventDate "2014.09.28"]
[EventType "team-tourn"]
[EventRounds "9"]
[EventCountry "GER"]
[SourceTitle "EXT 2020"]
[Source "ChessBase"]
[SourceDate "2019.10.17"]
[SourceVersion "1"]
[SourceVersionDate "2019.10.17"]
[SourceQuality "1"]
[WhiteTeam "Buechenbach/Roth II"]
[BlackTeam "Bechhofen II"]
[WhiteTeamCountry "GER"]
[BlackTeamCountry "GER"]

1. e4 d6 2. d4 Nf6 3. Nc3 e5 4. dxe5 dxe5 5. Qxd8+ Kxd8 6. Bg5 Be6 7. Nf3 Bd6 8. Bd3 Nbd7 9. Nd5 Bxd5 10. exd5 h6 11. Bxf6+ Nxf6 12. Bc4 a6 13. a4 Kd7 14. Ke2 Rae8 15. g3 Bc5 16. d6 cxd6 17. Bxf7 Re7 18. Bg6 Rf8 19. Nh4 Kd8 20. f3 Rc7 21. c4 Bd4 22. Nf5 Bxb2 23. Rad1 Ba3 24. Nxd6 Bxd6 25. Rxd6+ Ke7 26. Rb6 Nd7 27. Rb4 Rfc8 28. Rc1 b6 1/2-1/2

[Event "Mittelfranken-chTB2a 1415"]
[Site "Mittelfranken"]
[Date "2014.09.28"]
[Round "1.8"]
[White "Kellmann, Andreas"]
[Black "Chowdhury, Sandip"]
[Result "1-0"]
[WhiteElo "1828"]
[BlackElo "1481"]
[PlyCount "95"]
[EventDate "2014.09.28"]
[EventType "team-tourn"]
[EventRounds "9"]
[EventCountry "GER"]
[SourceTitle "EXT 2020"]
[Source "ChessBase"]
[SourceDate "2019.10.17"]
[SourceVersion "1"]
[SourceVersionDate "2019.10.17"]
[SourceQuality "1"]
[WhiteTeam "Buechenbach/Roth II"]
[BlackTeam "Nuernberg NT V"]
[WhiteTeamCountry "GER"]
[BlackTeamCountry "GER"]

1. e4 c5 2. Nf3 g6 3. d4 cxd4 4. Nxd4 Nf6 5. Nc3 Bg7 6. Be3 Nc6 7. f3 d5 8. Bb5 Bd7 9. Nxd5 0-0 10. Nxf6+ Bxf6 11. Bxc6 bxc6 12. c3 Rb8 13. Nb3 Qc7 14. 0-0 Rfd8 15. Qc2 Be6 16. Nc5 Bc8 17. Rad1 Rxd1 18. Rxd1 Be5 19. g3 Bd6 20. Na4 Qa5 21. b3 Bh3 22. Qf2 a6 23. Bc5 Bxc5 24. Qxc5 Qxc5+ 25. Nxc5 a5 26. a3 Kg7 27. Kf2 h5 28. b4 axb4 29. cxb4 Ra8 30. a4 Rb8 31. Rb1 Bc8 32. a5 Ra8 33. Ke3 e5 34. Kd3 f5 35. Kc4 g5 36. Na4 Ba6+ 37. Kc5 Bb5 38. Nc3 fxe4 39. fxe4 Rb8 40. Nxb5 cxb5 41. a6 Kf7 42. a7 Ra8 43. Ra1 Ke6 44. Ra6+ Kd7 45. Kxb5 Kc7 46. Kc5 Kb7 47. Ra5 Rc8+ 48. Kd5 1-0

[Event "Nittenau-ch 13th"]
[Site "Nittenau"]
[Date "2013.09.15"]
[Round "5"]
[White "Kellmann, Andreas"]
[Black "Seidl, Josef"]
[Result "1-0"]
[WhiteElo "1676"]
[BlackElo "1183"]
[PlyCount "93"]
[EventDate "2013.09.13"]
[EventType "swiss"]
[EventRounds "5"]
[EventCountry "GER"]
[SourceTitle "EXT 2022"]
[Source "ChessBase"]
[SourceDate "2021.10.06"]
[SourceVersion "1"]
[SourceVersionDate "2021.10.06"]
[SourceQuality "1"]

1. e4 e6 2. d4 b6 3. Nf3 Bb7 4. Bd3 Be7 5. Nc3 d6 6. 0-0 Nf6 7. Bf4 0-0 8. Qe2 Nbd7 9. Rad1 a6 10. e5 dxe5 11. Nxe5 b5 12. a3 c5 13. dxc5 Bxc5 14. Nxd7 Nxd7 15. Qg4 Qe7 16. Ne4 Rfc8 17. b4 Ba7 18. Nd6 Nf6 19. Nxc8 Rxc8 20. Bg5 h6 21. Bxf6 Qxf6 22. Be4 Rc4 23. Rde1 h5 24. Qf3 Bxe4 25. Rxe4 Qc3 26. Rxc4 Qxc4 27. Qd3 Qc7 28. Rd1 Qf4 29. Qg3 Qf5 30. Rd8+ Kh7 31. Qd3 Bxf2+ 32. Kh1 g6 33. Qxf5 gxf5 34. Ra8 e5 35. g3 e4 36. Kg2 e3 37. Rxa6 f4 38. gxf4 h4 39. a4 h3+ 40. Kf3 Bg1 41. axb5 e2 42. Kxe2 Bxh2 43. Kf3 Bg1 44. b6 h2 45. Kg2 Be3 46. b7 Bxf4 47. Rb6 1-0

[Event "Bayernliga 1213 U20"]
[Site "Bayern"]
[Date "2012.10.20"]
[Round "1.4"]
[White "Koelbl, Ines"]
[Black "Kellmann, Andreas"]
[Result "1/2-1/2"]
[WhiteElo "1693"]
[BlackElo "1676"]
[PlyCount "99"]
[EventDate "2012.10.20"]
[EventType "team-tourn"]
[EventRounds "7"]
[EventCountry "GER"]
[SourceTitle "EXT 2020"]
[Source "ChessBase"]
[SourceDate "2019.10.17"]
[SourceVersion "1"]
[SourceVersionDate "2019.10.17"]
[SourceQuality "1"]
[WhiteTeam "Klosterlechfeld U20"]
[BlackTeam "Buechenbach/Roth U20"]
[WhiteTeamCountry "GER"]
[BlackTeamCountry "GER"]

1. d4 d5 2. Nf3 Bf5 3. c4 e6 4. Nc3 c6 5. Bf4 Nf6 6. e3 Nbd7 7. Bd3 Ne4 8. Bxe4 dxe4 9. Ng5 h6 10. Ngxe4 Bb4 11. Nd6+ Bxd6 12. Bxd6 Nb6 13. c5 Nc4 14. e4 Bg6 15. Bg3 Qa5 16. 0-0 0-0 17. Qd3 Nxb2 18. Qc2 Nc4 19. Rfd1 Na3 20. Qb3 Nb5 21. Nxb5 Qxb5 22. Qxb5 cxb5 23. f3 f5 24. d5 fxe4 25. fxe4 Bxe4 26. d6 Bd5 27. Rf1 Bc6 28. Rfe1 Bd7 29. Bh4 g5 30. Bg3 Rf5 31. Re5 Raf8 32. Rae1 Rxe5 33. Rxe5 Rf5 34. a3 Kf7 35. Rxf5+ exf5 36. Bf2 a6 37. Bd4 h5 38. Kf2 Ke6 39. Ke3 a5 40. Bc3 Kd5 41. Bxa5 Kxc5 42. Bd8 Kc4 43. Ba5 Kd5 44. Bd8 Kxd6 45. Bxg5 Bc6 46. g3 Bg2 47. Kf4 Bh3 48. Bh6 Kd5 49. Kg5 Bg4 50. Kf4 1/2-1/2

[Event "Bayernliga U20 1112"]
[Site "Bayern"]
[Date "2012.01.21"]
[Round "5.6"]
[White "Kaspar, Florian"]
[Black "Kellmann, Andreas"]
[Result "0-1"]
[WhiteElo "1212"]
[BlackElo "1488"]
[PlyCount "90"]
[EventDate "2011.11.12"]
[EventType "team-swiss"]
[EventRounds "7"]
[EventCountry "GER"]
[SourceTitle "EXT 2022"]
[Source "ChessBase"]
[SourceDate "2021.10.06"]
[SourceVersion "1"]
[SourceVersionDate "2021.10.06"]
[SourceQuality "1"]
[WhiteTeam "Klosterlechfeld U20"]
[BlackTeam "Buechenbach/Roth U20"]
[WhiteTeamCountry "GER"]
[BlackTeamCountry "GER"]

1. e4 e6 2. Nf3 d5 3. d3 Bc5 4. Be3 Bxe3 5. fxe3 dxe4 6. dxe4 Qxd1+ 7. Kxd1 Nf6 8. Bd3 0-0 9. Nc3 b6 10. Kd2 Nc6 11. Rad1 Bb7 12. Kc1 Nb4 13. h3 Nh5 14. g4 Nf6 15. Rhf1 Rfd8 16. e5 Nfd5 17. Nxd5 Rxd5 18. a3 Nxd3+ 19. Rxd3 Rad8 20. Rxd5 Rxd5 21. e4 Rc5 22. Re1 Rc4 23. Nd2 Rd4 24. Re3 c5 25. c3 Rd7 26. h4 Ba6 27. g5 Rd3 28. Rxd3 Bxd3 29. Kd1 h6 30. gxh6 gxh6 31. h5 Kg7 32. Ke1 f6 33. exf6+ Kxf6 34. Kf2 Kg5 35. Ke3 c4 36. Kd4 Kxh5 37. Ke5 Kg4 38. Kxe6 h5 39. Kf6 h4 40. e5 h3 41. e6 h2 42. e7 h1Q 43. e8Q Qh4+ 44. Kg7 Qg5+ 45. Kf7 Bg6+ 0-1